000 00811nam a2200241Ia 4500
003 GCL
008 140319s9999 xx 000 0 ara d
020 _a2270305977
040 _aGCL /
_cGCL
082 0 4 _a338.4791
_bم ب
100 1 _aعطية محمد شحاته(مترجم)
245 1 0 _aبانوراما الحياة السياحية /
_cعطية محمد شحاته(مترجم)
700 1 _aماكنتوش ، روبرت
700 1 _aجيولدنر ، تشارلز
700 1 _aريتشى ، جى .ار .برنت
250 _aالاولى
260 _aالقاهرة :
_bالمجلس الاعلى للثقافة ،
_c2002
300 _a636 ص ؛
_c22 سم
650 0 4 _aالفنادق
650 0 4 _aالسياحة
650 0 4 _aالفنادق - تنظيم وادارة
942 _2ddc
_cBK
999 _c2876
_d2876